[Event "Joao Pessoa de Assis Memorial 3rd"]
[Site "Joao Pessoa"]
[Date "2023.10.20"]
[Round "1"]
[White "Baltar, Petrov Ferreira"]
[Black "Caetano, Hugo Zanotti Mendon"]
[Result "0-1"]
[WhiteElo "1704"]
[BlackElo "2108"]
[PlyCount "68"]
[EventDate "2023.10.20"]
[EventType "swiss"]
[EventRounds "6"]
[EventCountry "BRA"]
[SourceTitle "Mega2024 Update 01"]
[Source "Chessbase"]
[SourceDate "2023.11.12"]
[SourceVersion "1"]
[SourceVersionDate "2023.11.12"]
[SourceQuality "1"]

1. e4 c5 2. Nf3 Nc6 3. d4 cxd4 4. Nxd4 g6 5. Nc3 Bg7 6. Be3 Nf6 7. Be2 0-0 8. Qd2 d5 9. exd5 Nxd5 10. Nxd5 Qxd5 11. Bf3 Qe5 12. Nxc6 bxc6 13. c3 Ba6 14. 0-0-0 Qa5 15. b4 Qa3+ 16. Qb2 Qxc3+ 17. Qxc3 Bxc3 18. a3 Bb5 19. Bc5 Bf6 20. Rd7 a5 21. Rhd1 axb4 22. Bxb4 c5 23. Bxa8 Bxd7 24. Rxd7 cxb4 25. Bd5 bxa3 26. Kb1 Rb8+ 27. Bb7 Kf8 28. Rc7 Kg7 29. Ka2 Be5 30. Rxe7 Kf6 31. Rxe5 Kxe5 32. Bf3 Rb2+ 33. Kxa3 Rxf2 34. Kb3 Rxf3+ 0-1

[Event "Sao Jose dos Campos op"]
[Site "Sao Jose dos Campos"]
[Date "2022.09.09"]
[Round "2"]
[White "Caetano, Hugo Zanotti Mendon"]
[Black "Pironti, Francisco Ferrari"]
[Result "1-0"]
[WhiteElo "2168"]
[BlackElo "1782"]
[PlyCount "65"]
[EventDate "2022.09.08"]
[EventType "swiss"]
[EventRounds "7"]
[EventCountry "BRA"]
[SourceTitle "CBM 210 Extra"]
[Source "ChessBase"]
[SourceDate "2022.11.30"]
[SourceVersion "1"]
[SourceVersionDate "2022.11.30"]
[SourceQuality "1"]

1. d4 d5 2. c4 e6 3. Nf3 Nf6 4. Nc3 Be7 5. Bf4 0-0 6. e3 b6 7. Bd3 Bb7 8. cxd5 exd5 9. 0-0 c5 10. Qe2 Nc6 11. Rac1 Re8 12. Rfd1 Bd6 13. Bxd6 Qxd6 14. dxc5 bxc5 15. Na4 Nd4 16. Nxd4 cxd4 17. Bb5 dxe3 18. Bxe8 exf2+ 19. Qxf2 Rxe8 20. Re1 Ne4 21. Nc5 Bc6 22. Nxe4 dxe4 23. Qxa7 Bd5 24. Qd4 Qe6 25. Rcd1 Bb7 26. a4 f5 27. a5 f4 28. Qd7 Bc6 29. Qxe6+ Rxe6 30. a6 e3 31. a7 Kf7 32. Rc1 Be4 33. Rc4 1-0

[Event "Titled Tuesday intern op 19th Oct"]
[Site "Chess.com INT"]
[Date "2021.10.19"]
[Round "6"]
[White "Caetano, Hugo Zanotti Mendon"]
[Black "Gabrielian, Artur"]
[Result "0-1"]
[WhiteElo "2161"]
[BlackElo "2464"]
[PlyCount "46"]
[EventDate "2021.10.19"]
[EventType "swiss (blitz)"]
[EventRounds "11"]
[EventCountry "USA"]
[SourceTitle "CBM 204 Extra"]
[Source "ChessBase"]
[SourceDate "2021.11.30"]
[SourceVersion "1"]
[SourceVersionDate "2021.11.30"]
[SourceQuality "1"]

1. d4 Nf6 2. c4 c5 3. Nf3 e6 4. Nc3 cxd4 5. Nxd4 Nc6 6. g3 Qb6 7. Nc2 Ne5 8. Be3 Qxb2 9. Nb5 Nxc4 10. Rb1 Qxa2 11. Nc7+ Kd8 12. Nxa8 Ne4 13. Ra1 Qb2 14. Bg2 Nxe3 15. Nxe3 Nc3 16. 0-0 Nxd1 17. Rfxd1 Bc5 18. Nc4 Qxe2 19. Rac1 Qxf2+ 20. Kh1 Ke7 21. Rd2 Qf6 22. Na5 Be3 23. Rf1 Qxf1+ 0-1

[Event "Titled Tuesday intern op 19th Oct"]
[Site "Chess.com INT"]
[Date "2021.10.19"]
[Round "7"]
[White "Juhasz, Agoston Botond"]
[Black "Caetano, Hugo Zanotti Mendon"]
[Result "0-1"]
[WhiteElo "2380"]
[BlackElo "2161"]
[PlyCount "84"]
[EventDate "2021.10.19"]
[EventType "swiss (blitz)"]
[EventRounds "11"]
[EventCountry "USA"]
[SourceTitle "CBM 204 Extra"]
[Source "ChessBase"]
[SourceDate "2021.11.30"]
[SourceVersion "1"]
[SourceVersionDate "2021.11.30"]
[SourceQuality "1"]

1. e4 c5 2. Nf3 Nc6 3. b4 cxb4 4. a3 e5 5. axb4 Bxb4 6. c3 Be7 7. d4 exd4 8. Bc4 d6 9. 0-0 Nf6 10. cxd4 0-0 11. Nc3 Bg4 12. Be3 Rc8 13. Nd5 Nxe4 14. Re1 Bg5 15. h3 Bxe3 16. Rxe3 Bxf3 17. Rxf3 Ng5 18. Rg3 Ne4 19. Rf3 Ne7 20. Qd3 Rxc4 21. Qxe4 Ng6 22. Ne3 Rc6 23. Rxa7 Qb6 24. Ra1 Qb2 25. Rb1 Rc1+ 26. Rxc1 Qxc1+ 27. Kh2 Qc6 28. d5 Qe8 29. Qg4 Ne5 30. Qg3 Nxf3+ 31. gxf3 Qe5 32. f4 Qe4 33. Ng4 Kh8 34. h4 Rc8 35. h5 Rc1 36. Kh3 Rh1+ 37. Nh2 Qf5+ 38. Kg2 Rd1 39. h6 Qxd5+ 40. Kh3 gxh6 41. Ng4 Qh5+ 42. Kg2 Qh1# 0-1

[Event "Titled Tuesday intern op 19th Oct"]
[Site "Chess.com INT"]
[Date "2021.10.19"]
[Round "4"]
[White "Krivonosov, Oleg"]
[Black "Caetano, Hugo Zanotti Mendon"]
[Result "1/2-1/2"]
[WhiteElo "2362"]
[BlackElo "2161"]
[PlyCount "145"]
[EventDate "2021.10.19"]
[EventType "swiss (blitz)"]
[EventRounds "11"]
[EventCountry "USA"]
[SourceTitle "CBM 204 Extra"]
[Source "ChessBase"]
[SourceDate "2021.11.30"]
[SourceVersion "1"]
[SourceVersionDate "2021.11.30"]
[SourceQuality "1"]

1. Nf3 d5 2. d4 e6 3. c4 c6 4. Qc2 f5 5. g3 Bd6 6. Bg2 Nf6 7. 0-0 0-0 8. b3 Nbd7 9. Ba3 Qe7 10. Bxd6 Qxd6 11. Qb2 Ne4 12. Qa3 dxc4 13. bxc4 Qxa3 14. Nxa3 b6 15. e3 Ba6 16. Rfc1 Rac8 17. Bf1 Kf7 18. Rab1 g5 19. Bd3 Kf6 20. Rb2 c5 21. Bxe4 fxe4 22. Nd2 Kf5 23. Nb5 Bxb5 24. Rxb5 e5 25. d5 Nf6 26. a4 Rc7 27. Ra1 h5 28. h3 g4 29. h4 Rb8 30. Kf1 Ne8 31. Ke2 Nd6 32. Rb2 Kg6 33. Rc1 Rf7 34. Rbc2 Rbf8 35. Rf1 Kf6 36. Nb1 Ke7 37. Na3 Nf5 38. Rcc1 Nd6 39. Nb5 Ra8 40. Rc2 Kd7 41. Ra1 Raf8 42. Rf1 Ra8 43. Nxd6 Kxd6 44. Rb2 Rb8 45. Ra1 Rbf8 46. Ke1 Rb8 47. a5 Rfb7 48. axb6 axb6 49. Ra6 Kc7 50. Kd2 Kd6 51. Kc3 Kc7 52. Rba2 Rf8 53. Ra7 Rf6 54. Rxb7+ Kxb7 55. Kb3 Rf8 56. Rd2 Rf6 57. Ka4 Kc7 58. Kb5 Rd6 59. Ra2 Kb7 60. Rd2 Ka7 61. Rd1 Kb7 62. Ra1 Rf6 63. Ra2 Rd6 64. Ka4 Rf6 65. Kb3 Rd6 66. Kc3 Rf6 67. Rb2 Rd6 68. Kd2 Ka7 69. Ke2 Kb7 70. Rb3 Ka7 71. Rb2 Kb7 72. Rb3 Ka7 73. Rb2 1/2-1/2

[Event "Florianopolis Winter op 5th"]
[Site "Florianopolis"]
[Date "2019.08.31"]
[Round "3"]
[White "Kim, Thiago"]
[Black "Caetano, Hugo Zanotti Mendon"]
[Result "1/2-1/2"]
[WhiteElo "1674"]
[BlackElo "2192"]
[PlyCount "107"]
[EventDate "2019.08.30"]
[EventType "swiss"]
[EventRounds "7"]
[EventCountry "BRA"]
[SourceTitle "EXT 2020"]
[Source "ChessBase"]
[SourceDate "2019.10.17"]
[SourceVersion "1"]
[SourceVersionDate "2019.10.17"]
[SourceQuality "1"]

1. e4 c5 2. Nf3 Nc6 3. d4 cxd4 4. Nxd4 g6 5. Nc3 Bg7 6. Be3 Nf6 7. Bc4 Qa5 8. 0-0 0-0 9. Bb3 d6 10. h3 Nxd4 11. Bxd4 Be6 12. Re1 Rfd8 13. Nd5 Bxd5 14. exd5 Re8 15. Bc3 Qc7 16. Qd3 a6 17. a4 Nd7 18. Bxg7 Kxg7 19. Qd4+ Kg8 20. Re3 Rac8 21. Rae1 Nc5 22. Ba2 Qd7 23. a5 Qd8 24. b4 Nd7 25. Bb3 b5 26. axb6 Nxb6 27. Qd3 Ra8 28. Ra1 Qc8 29. Ra5 Qb7 30. Re1 Nd7 31. c3 Ne5 32. Qd4 Rac8 33. Rea1 Ra8 34. Ba4 Rec8 35. f4 Nc4 36. Bc6 Qa7 37. Bxa8 Qxd4+ 38. cxd4 Nxa5 39. Rxa5 Rxa8 40. b5 Kf8 41. Kf2 Ke8 42. Ke3 Kd7 43. Kd3 Kc7 44. Kc3 Kb6 45. Kb4 h5 46. g3 Ra7 47. Rxa6+ Rxa6 48. bxa6 Kxa6 49. g4 hxg4 50. hxg4 Kb6 51. f5 g5 52. Ka4 f6 53. Kb4 Ka6 54. Ka4 1/2-1/2

[Event "Parana-ch"]
[Site "Curitiba"]
[Date "2018.11.25"]
[Round "7"]
[White "Calcado, Acyr Rogerio"]
[Black "Caetano, Hugo Zanotti Mendon"]
[Result "1/2-1/2"]
[WhiteElo "2093"]
[BlackElo "2204"]
[PlyCount "32"]
[EventDate "2018.11.22"]
[EventType "swiss"]
[EventRounds "7"]
[EventCountry "BRA"]
[SourceTitle "CBM 187 Extra"]
[Source "ChessBase"]
[SourceDate "2018.11.04"]
[SourceVersion "1"]
[SourceVersionDate "2018.11.04"]
[SourceQuality "1"]

1. e4 c5 2. Nf3 Nc6 3. d4 cxd4 4. Nxd4 g6 5. Nc3 Bg7 6. Be3 Nf6 7. Nb3 0-0 8. Be2 d6 9. 0-0 a5 10. a4 Be6 11. f4 Rc8 12. Kh1 Nb4 13. Nd4 Bc4 14. Bxc4 Rxc4 15. Qe2 Qc8 16. Rad1 Nh5 1/2-1/2

[Event "Parana-chT 61st"]
[Site "Londrina"]
[Date "2018.09.25"]
[Round "3.1"]
[White "Cella, Glaucio Dalla Cortt"]
[Black "Caetano, Hugo Zanotti Mendon"]
[Result "0-1"]
[WhiteElo "1978"]
[BlackElo "2204"]
[PlyCount "46"]
[EventDate "2018.09.24"]
[EventType "team-tourn"]
[EventRounds "5"]
[EventCountry "BRA"]
[SourceTitle "CBM 187 Extra"]
[Source "ChessBase"]
[SourceDate "2018.11.04"]
[SourceVersion "1"]
[SourceVersionDate "2018.11.04"]
[SourceQuality "1"]
[WhiteTeam "Francisco Beltrao"]
[BlackTeam "Foz do Iguacu"]
[WhiteTeamCountry "BRA"]
[BlackTeamCountry "BRA"]

1. e4 c5 2. Nf3 Nc6 3. d4 cxd4 4. Nxd4 g6 5. Nc3 Bg7 6. Be3 Nf6 7. f3 0-0 8. Qd2 d5 9. Nxc6 bxc6 10. Bh6 Bxh6 11. Qxh6 dxe4 12. fxe4 Qd4 13. Bd3 Rb8 14. Qc1 Ng4 15. Nd1 Ne5 16. Qe3 Qxe3+ 17. Nxe3 Nxd3+ 18. cxd3 Rxb2 19. g3 Ba6 20. Nd1 Rc2 21. Nf2 Rb8 22. 0-0 Rbb2 23. Rab1 Rxf2 0-1

[Event "World Amateur-ch U2300"]
[Site "Cagliari"]
[Date "2018.04.29"]
[Round "9"]
[White "Al Hajiri, Bader"]
[Black "Caetano, Hugo Zanotti Mendon"]
[Result "0-1"]
[WhiteElo "2131"]
[BlackElo "2208"]
[PlyCount "72"]
[EventDate "2018.04.22"]
[EventType "swiss"]
[EventRounds "9"]
[EventCountry "ITA"]
[SourceTitle "CBM 184 Extra"]
[Source "ChessBase"]
[SourceDate "2018.06.28"]
[SourceVersion "1"]
[SourceVersionDate "2018.06.28"]
[SourceQuality "1"]

1. d4 d5 2. c4 e6 3. Nc3 c6 4. Nf3 dxc4 5. a4 Bb4 6. e3 b5 7. Ne5 Nf6 8. Bd2 0-0 9. Be2 a5 10. Bf3 Nd5 11. axb5 Bxc3 12. bxc3 cxb5 13. e4 Ne7 14. 0-0 Nd7 15. Ng4 Bb7 16. Ne3 Nf6 17. Qb1 Qd7 18. Rd1 Rfc8 19. Bc1 Ng6 20. g3 h6 21. Bg2 Bc6 22. Ba3 Rd8 23. Ra2 Qb7 24. d5 exd5 25. exd5 Nxd5 26. Nxd5 Bxd5 27. Rxd5 Rxd5 28. Rd2 Rad8 29. Qe4 b4 30. cxb4 axb4 31. Bxb4 Qxb4 32. Rxd5 Rxd5 33. Qe8+ Qf8 34. Qxf8+ Nxf8 35. Bxd5 c3 36. Bb3 Ne6 0-1

[Event "World Amateur-ch U2300"]
[Site "Cagliari"]
[Date "2018.04.27"]
[Round "7"]
[White "Thanki, Hemal Karsanji"]
[Black "Caetano, Hugo Zanotti Mendon"]
[Result "1/2-1/2"]
[WhiteElo "2099"]
[BlackElo "2208"]
[PlyCount "100"]
[EventDate "2018.04.22"]
[EventType "swiss"]
[EventRounds "9"]
[EventCountry "ITA"]
[SourceTitle "CBM 184 Extra"]
[Source "ChessBase"]
[SourceDate "2018.06.28"]
[SourceVersion "1"]
[SourceVersionDate "2018.06.28"]
[SourceQuality "1"]

1. e4 c5 2. Nf3 Nc6 3. Bb5 g6 4. Bxc6 dxc6 5. d3 Bg7 6. h3 Nf6 7. Nc3 0-0 8. Be3 b6 9. Qd2 Re8 10. Bh6 e5 11. g4 Nd7 12. Bxg7 Kxg7 13. Ne2 Nf8 14. Qe3 Qd6 15. Nd2 Ne6 16. 0-0-0 h6 17. Kb1 a5 18. Rdf1 b5 19. f4 exf4 20. Nxf4 Nxf4 21. Qxf4 Qxf4 22. Rxf4 Be6 23. Nb3 Bxb3 24. axb3 Rad8 25. Rhf1 Rd7 26. Kc1 Re6 27. Kd2 Ra7 28. h4 Re5 29. Ke3 Ree7 30. Rf6 Re6 31. Rxe6 fxe6 32. g5 hxg5 33. hxg5 Rf7 34. Rxf7+ Kxf7 35. Kf4 Ke7 36. Ke5 b4 37. d4 c4 38. d5 cxb3 39. cxb3 exd5 40. exd5 cxd5 41. Kxd5 Kd7 42. Ke5 Ke7 43. Kd5 Kd7 44. Kc5 Ke6 45. Kb5 Kf5 46. Kxa5 Kxg5 47. Kxb4 Kf5 48. Kc4 Ke6 49. b4 Kd6 50. b5 Kc7 1/2-1/2

[Event "Foz do Iguacu op 7th"]
[Site "Foz do Iguacu"]
[Date "2017.06.16"]
[Round "2"]
[White "Caetano, Hugo Zanotti Mendon"]
[Black "Heinechen, John"]
[Result "1-0"]
[WhiteElo "2192"]
[BlackElo "1953"]
[PlyCount "113"]
[EventDate "2017.06.16"]
[EventType "swiss"]
[EventRounds "6"]
[EventCountry "BRA"]
[SourceTitle "EXT 2018"]
[Source "ChessBase"]
[SourceDate "2017.10.13"]
[SourceVersion "1"]
[SourceVersionDate "2017.10.13"]
[SourceQuality "1"]

1. d4 Nf6 2. c4 g6 3. Nc3 Bg7 4. e4 d6 5. f3 Nc6 6. Nge2 e5 7. Be3 a5 8. d5 Ne7 9. Qd2 Nd7 10. g4 0-0 11. Ng3 Nc5 12. h4 f6 13. h5 g5 14. h6 Bh8 15. Bxc5 dxc5 16. Nf5 Bxf5 17. gxf5 Nc8 18. Bd3 Nd6 19. 0-0-0 Kf7 20. Qh2 Ke7 21. Qe2 Qb8 22. Bc2 Qa7 23. Ba4 Rf7 24. Nb5 Nxb5 25. cxb5 Kd6 26. Kb1 b6 27. Rc1 Rd7 28. Rc4 Qb8 29. Re1 Qf8 30. Qe3 Ke7 31. Rh1 Kd8 32. a3 Qd6 33. Rhc1 Qf8 34. Rh1 Qd6 35. Bb3 Qf8 36. Ba2 Rd6 37. Qc3 Ra7 38. b4 cxb4 39. axb4 Rd7 40. bxa5 Rxa5 41. Rb4 Rd6 42. Qc4 Kd7 43. Rc1 Ra7 44. Qc3 Qa8 45. Rc4 Qb8 46. Rc6 Kd8 47. Qb4 Kd7 48. Bb3 Qa8 49. Kb2 Qb8 50. Qc4 Qb7 51. Rxd6+ cxd6 52. Qc6+ Qxc6 53. dxc6+ Kc7 54. Ra1 Ra5 55. Rxa5 bxa5 56. Ka3 Kb6 57. Ka4 1-0

[Event "Curitiba IEP&Copel op"]
[Site "Curitiba"]
[Date "2017.05.14"]
[Round "5"]
[White "Deus Filho, Joaquim"]
[Black "Caetano, Hugo Zanotti Mendon"]
[Result "0-1"]
[WhiteElo "1952"]
[BlackElo "2188"]
[PlyCount "46"]
[EventDate "2017.05.12"]
[EventType "swiss"]
[EventRounds "6"]
[EventCountry "BRA"]
[SourceTitle "CBM 178 Extra"]
[Source "ChessBase"]
[SourceDate "2017.06.22"]
[SourceVersion "1"]
[SourceVersionDate "2017.06.22"]
[SourceQuality "1"]

1. b3 d5 2. e3 c5 3. f4 Nc6 4. Nf3 Nf6 5. Bb2 a6 6. Be2 e6 7. a4 Bd6 8. 0-0 Qc7 9. Qe1 Ne7 10. Bxf6 gxf6 11. Qh4 f5 12. Qf6 Ng6 13. d3 Rg8 14. Qb2 d4 15. Kh1 dxe3 16. g3 e5 17. Nc3 Be6 18. fxe5 Nxe5 19. Rg1 Nxf3 20. Bxf3 Be5 21. Ra3 Qa5 22. Bxb7 Bxc3 23. Qc1 Rd8 0-1

[Event "Curitiba IEP&Copel op"]
[Site "Curitiba"]
[Date "2017.05.12"]
[Round "1"]
[White "Mesquita, Arnaldo Leite"]
[Black "Caetano, Hugo Zanotti Mendon"]
[Result "0-1"]
[WhiteElo "1715"]
[BlackElo "2188"]
[PlyCount "52"]
[EventDate "2017.05.12"]
[EventType "swiss"]
[EventRounds "6"]
[EventCountry "BRA"]
[SourceTitle "CBM 178 Extra"]
[Source "ChessBase"]
[SourceDate "2017.06.22"]
[SourceVersion "1"]
[SourceVersionDate "2017.06.22"]
[SourceQuality "1"]

1. Nf3 d5 2. c4 e6 3. e3 Nf6 4. d4 Be7 5. Nc3 0-0 6. Bd3 b6 7. cxd5 exd5 8. 0-0 c5 9. dxc5 bxc5 10. b3 Nc6 11. Bb2 Bg4 12. h3 Bh5 13. Nxd5 Qxd5 14. Bxf6 Bxf3 15. gxf3 Rad8 16. Bxe7 Nxe7 17. Qc2 Qxd3 18. Qxc5 Qg6+ 19. Kh1 Qf6 20. f4 Rd5 21. Qxa7 Rh5 22. Kg2 Qg6+ 23. Kf3 Rxh3+ 24. Ke2 Qc2+ 25. Ke1 Rd8 26. Qa5 Nc6 0-1